00424nam a2200133 a 4500008004100000020001500041050001700056100002300073245010500096260003700201300001500238650001900253700001800272140922s1997 ||||||||||||||||| || u a1565105117 a363.7387 GLO aSwisher, Karin L. 10aGlobal warming: opposing view pointscedited by Tamara L. Roleff, Scott Barbara and Karin L. Swisher aNew YorkbGreenhaven Pressc1997 a192p.: ill 0aGLOBAL WARMING aBarbar, Scott